000 00588nam a2200253Ia 4500
001 5751
003 11515
005 20250325213526.0
008 ||||||n9999 ||| || ||
020 _a9682430674
041 _aspa
082 _220
_a341
100 _aLabariega Villanueva, Pedro
_910009
245 0 _aDerecho diplomatico
_bnormas, usos, costumbres y cortesias
260 _aMéxico :
_bTrillas,
_c1989.
300 _a181p
562 _e1
650 0 _aDiplomacia
_95026
942 _cBKM
999 _c5751
_d5751
526 _a105630
526 _a1698
526 _a51868
526 _a1697